Least similar 4-letter words (anti-word ladder) Quiz Stats

 Plays Quiz not verified by Sporcle

Score 0/57 Timer 09:00
0 Plays Today
Hint Answer % Correct
For ____ lang syne, my dearAULD
81.1%
A pirate's greetingAHOY
77.4%
A fuzzy, flightless bird or fruitKIWI
62.3%
One single timeONCE
58.5%
A type of fencing swordEPEE
54.7%
Units of electrical resistanceOHMS
54.7%
One of the seven deadly sinsENVY
52.8%
An alternate spelling of iglooIGLU
52.8%
A song of praise or worshipHYMN
52.8%
A greenish-blue, watery colorAQUA
50.9%
An Islamic religious leaderIMAM
49.1%
An alternate spelling of clickKLIK
49.1%
A strong smellODOR
49.1%
The female reproductive cell of animalsOVUM
49.1%
An egyptian symbol for lifeANKH
47.2%
A knee-bend in balletPLIE
45.3%
Recedes, as the tide doesEBBS
43.4%
Bad, malevolent, ill-intentionedEVIL
43.4%
A round, flat bread from Central and South AsiaNAAN
39.6%
A test or inspectionEXAM
35.8%
An alternate spelling of djinnDJIN
34%
A color similar to beigeECRU
34%
A short-tailed wildcatLYNX
34%
Games (a French loanword)JEUX
26.4%
To catch sight of; to see from a distanceESPY
24.5%
A surgical term for bonesOSSA
22.6%
Sounds of disgust or annoyanceUGHS
20.8%
A cutting tool with a perpendicular bladeADZE
18.9%
Out of control; frenziedAMOK
18.9%
Hint Answer % Correct
A public exhibitionEXPO
13.2%
A type of Indian cattleZEBU
13.2%
An alcoholic beverage from the Middle EastARAK
11.3%
A stronge desire; or insistent suggestionURGE
11.3%
Pertaining to animals or animal lifeZOIC
11.3%
Pertaining to school grades 1 through 12ELHI
7.5%
Beliefs, usually social or politicalISMS
7.5%
A sound expressing a sudden ending or contemptPFFT
7.5%
Full of uncertainty; dubiousIFFY
5.7%
A biblical unit of dry volume; about 22 litersEPHA
3.8%
A mold used in Japanese fermentationKOJI
3.8%
An aggressive, predatory seabirdSKUA
3.8%
A flightless bird of New Zealand; aka woodhenWEKA
3.8%
A small shelter or caveABRI
1.9%
The spore sacs of some fungiASCI
1.9%
A portable container for heating liquidsETNA
1.9%
A call used to encourage hunting houndsHUIC
1.9%
An unusual bird native to New CaledoniaKAGU
1.9%
A Russian log hutISBA
1.9%
A pond turtleEMYD
0%
A reckless driver or coachmanJEHU
0%
A brimless West African hatKUFI
0%
A historical currency of AngolaLWEI
0%
An Old Irish alphabetOGAM
0%
Archaic word for oxOWSE
0%
A goatlike mammal native to AsiaTAHR
0%
A Scottish term for a type of onionSYBO
0%
A Scottish word meaning 'over there'UPBY
0%

You're not logged in!

Compare scores with friends on all Sporcle quizzes.
OR
Log In

Show Comments

Extras

Top Quizzes Today


Score Distribution

Your Account Isn't Verified!

In order to create a playlist on Sporcle, you need to verify the email address you used during registration. Go to your Sporcle Settings to finish the process.

Report this User

Report this user for behavior that violates our Community Guidelines.

Details: